La fièvre du Sam d'Issoire - Statistiques

Statistiques générales
  • Ce quiz a été pris 19 fois
  • Le résultat moyen est 3 sur 7
Answers on the Grid
Answers color-coded by a green-red scale on the quiz's grid according to % correct below.
Paracétamoule
Al Prazolam
Arnie Ca
Bette Adine
Asspégic
Prof Enid
Gavisconne
Ilpueprofène
Kate Tamine
Alex Omil
Excitsalopram
Lee Panthyl
SoluFred
Beau Tox
Nico Rette
Dafalgland
Dolly Prane
Analfranil
Reine Nie
Seb Datif Pc
Suppo Glyçurine
Sein Thol
 
Statistiques - réponses
Réponse % Correct
Paracétamoule
73%
Asspégic
40%
Dolly Prane
40%
Dafalgland
33%
Ilpueprofène
33%
SoluFred
20%
Prof Enid
13%
Aucun quiz correspondant
Distribution des résultats
% des personnes avec chaque résultat
Percentile par nombre de réponses
Votre historique - résultats
Vous n’avez pas pris ce quiz